brawl stars brawlers - Estadísticas

Estadísticas generales
  • Esta prueba ha sido intentada 149 veces
  • La puntuación promedio es 46 de 68
Estadísticas de respuestas
Respuesta % Correcto
shelly
97%
bull
92%
colt
92%
señor p
92%
leon
91%
nita
88%
brock
84%
crow
84%
el primo
83%
spike
82%
piper
81%
rosa
79%
sandy
79%
barley
78%
mortis
78%
bo
77%
poco
77%
rico
76%
surge
76%
darryl
75%
jessie
75%
edgar
74%
8bit
72%
amber
72%
dinamike
72%
gale
72%
penny
72%
tick
72%
bibi
71%
chester
70%
colette
70%
frank
70%
emz
69%
mandy
68%
meg
67%
carl
66%
buzz
65%
max
65%
fang
64%
tara
64%
bea
62%
pam
62%
genio
61%
jacky
61%
nani
61%
gus
60%
lou
60%
stu
60%
eve
57%
hank
57%
byron
54%
belle
53%
bonnie
53%
grom
53%
ruffs
53%
sprout
53%
griff
52%
sam
52%
lola
51%
squeak
51%
Maisie
50%
gray
50%
janet
50%
otis
49%
rt
48%
buster
47%
ash
46%
willow
43%
No se encontraron pruebas coincidentes
Distribución de puntuación
Porcentaje de gente con cada puntuación
Porcentaje por número respondido
Historial de tus puntuaciones
No has intentado esta prueba.